|
|
|
|
| LEADER |
00932nam a22002411a 4500 |
| 020 |
|
|
|a 9780521705967
|c 0.00
|
| 040 |
|
|
|a SSUS - Library - Kalady
|
| 082 |
|
|
|a 551.6
|b SUS/C
|
| 100 |
|
|
|a Susan Solomon (ed)
|
| 245 |
|
|
|a Climate change 2007 : the physical science basis
|h [Text]
|
| 260 |
|
|
|a Cambridge
|b Cambridge University Press
|c 2007
|
| 300 |
|
|
|a 996p.
|
| 600 |
|
|
|a Science
|
| 600 |
|
|
|a Climate Change
|
| 600 |
|
|
|a Earth Sciences
|
| 700 |
|
|
|a Dahe Qin (ed)
|
| 852 |
|
|
|k Reference
|h 551.6
|i SUS/C
|p 055961
|9 3561.00
|t 0
|
| 852 |
|
|
|k Reference
|h 551.6
|i SUS/C
|p 057245
|9 4632.50
|t 0
|
| 942 |
|
|
|c REF
|
| 942 |
|
|
|c REF
|
| 999 |
|
|
|c 7885
|d 7885
|
| 952 |
|
|
|0 0
|1 0
|4 0
|6 R_551_600000000000000_SUS_C
|7 0
|9 11841
|a SSUS
|b SSUS
|d 2015-01-08
|g 3561.00
|o R 551.6 SUS/C
|p 055961
|r 2015-01-08
|v 0.00
|w 2015-01-08
|y REF
|
| 952 |
|
|
|0 0
|1 0
|4 0
|6 R_551_600000000000000_SUS_C
|7 0
|9 11842
|a SSUS
|b SSUS
|d 2015-01-08
|g 4632.50
|o R 551.6 SUS/C
|p 057245
|r 2015-01-08
|v 0.00
|w 2015-01-08
|y REF
|